| 000 | 01344nam a2200241Ia 4500 | ||
|---|---|---|---|
| 003 | Ost | ||
| 005 | 20260507075353.0 | ||
| 008 | 260507s9999||||xx |||||||||||||| ||und|| | ||
| 020 | _a25558799539 | ||
| 040 | _cfsecg | ||
| 041 | _aara | ||
| 082 | _a330 | ||
| 100 |
_aكلاك، غريغوري _eمؤلف |
||
| 245 | 0 |
_aالإقتصاد العالمي : _bنشأته وتطوره ومستقبله / _c غريغوري كلاك |
|
| 260 |
_aبيروت: _bالدار العربية للعلوم ناشرون, _c2009 |
||
| 300 |
_a533 صفحة؛ _bإيضاحات ؛ _c24 سم |
||
| 520 | _aالمصيدة المالثوسية الحياة الإقتصادية لغاية القرن التاسع عشر- مننطق الإقتصاد المالثوسي- مستويات المعيشة- الخصوبة- التقدم التكنولوجي- المؤسسات والنمو- الثورة الصناعية- النمو المعاصر- التباعد الكبير- النمو العالمي منذ 1800 - المصادر المباشرة للتباعد- لماذا لم يتطور العالم بأكمله؟ عالم جديد غريب | ||
| 653 | _aالإقتصاد الدولي | ||
| 653 | _aالإقتصاد العالمي | ||
| 653 | _aالتجارة الخارجية | ||
| 700 |
_aالأيوبي، أمين _eمؤلف ثانوي |
||
| 942 | _cكتاب | ||
| 999 |
_c44158 _d44158 |
||